000 01388cam a2200385 a 4500
001 2406
003 FISKH
005 20241107095925.0
008 981014s1999 nyuab j 000 1 eng
010 _a 98048826
020 _a0590972162 (alk. paper)
020 _a9780439445702
040 _aDLC
_cDLC
_dDLC
_beng
042 _alcac
043 _an-ust--
050 0 0 _aPZ7.T8535
_bGi 1999
082 0 0 _a813/.54
_221
100 1 _aTurner, Ann Warren.
245 1 4 _aThe girl who chased away sorrow :
_bthe diary of Sarah Nita, a Navajo girl /
_cby Ann Turner.
250 _aFirst Paperback printing, October 2002
260 _aNew York :
_bScholastic,
_c1999
300 _a195 pages :
_billustrations, maps ;
_c20 cm
440 0 _aDear America
505 _aZ'
520 _aThe diary of Sarah Nita, a thirteen-year old Navajo girl, which describes the Navajos' forced 400-mile walk from their ancestral homeland to Fort Sumner in 1864.
521 8 _a920
_bLexile
521 8 _aZ'
_bRaz-Plus
650 0 _aNavajo girls
_xSocial conditions
_vJuvenile fiction.
650 0 _aNavajo Indians
_xRelocation
_vJuvenile fiction.
650 0 _aNavajo Indians
_xHistory
_vJuvenile fiction.
650 1 _aNavajo Indians
_vFiction.
650 1 _aIndians of North America
_zSouthwest, New
_vFiction.
906 _a7
_bcbc
_corignew
_d1
_eocip
_f19
_gy-gencatlg
942 _2ddc
_cBK
_n0
999 _c2406
_d2406